Responses for show #3896 - Monday, July 9, 2001

Contestants

[<< previous game]

Peyton Paxson, a college professor from Westford, Massachusetts

Emily Voytek, a computer programmer from New York City, New York

Pat Phillips, an administrative assistant from Brea, California (whose 2-day cash winnings total $11,602)

[next game >>]

Jeopardy! Round responses

ALL THE PRESIDENTS' CHILDREN
OUT OF "POCKET"
WATCH THIS SPACE
YES, I CAN
THE ANDY GRIFFITH SHOW
_____ OF _____
    $100 9
Caroline Kennedy Schlossberg

Pat
    $100 1
Pocket watch

Pat
    $100 4
Eclipses

Pat
    $100 14
Vacuum

Pat
    $100 20
Ron Howard

Peyton
    $100 19
Acts of God

Peyton
    $200 10
Ronald Reagan

Pat
    $200 2
(Pat: What is Pocket Book?)
(Alex: We cannot accept...had to have the "S")

Pocket Books

Pat
Triple Stumper
    $200 5
(Peyton: What is a comet?)

Asteroid

Peyton
Triple Stumper
    $200 15
Vitamin C

Pat
    $200 21
Don Knotts

Pat
    $200 25
Certificate of deposit

Pat
    $300 11
Margaret Truman

Pat
    $300 3
(Pat: What is billiards?)
(E: What is pocket pool?)

Pocket billiards

PatEmily
Triple Stumper
    $300 6
Mercury

Emily
    $300 16
Corn & lima beans

Pat
    $300 22
Gomer Pyle, U.S.M.C.

Peyton
    $300 26
(Peyton: What is the City of God?)

Fountain of Youth

PatPeyton
    $400 12
Theodore Roosevelt

Pat
    $400 7
Pulsar

Triple Stumper
    $400 17
Pectin

Pat
    $400 23
Aunt Bee

Peyton
    $1,000 27
Point of Order

Pat
    $500 13
Pullman

Emily
    $500 8
(Pat: Who was Galileo?)
(Alex: This sounds like a Double Jeopardy round!)

Edwin Hubble

Pat
Triple Stumper
    $500 18
(Alex: You know your canning!)

Acidity

Pat
    $500 24
(Peyton: What is "Andy's Theme"?)
(less than a minute to go...)

"The Fishin' Hole"

EmilyPeyton
    $500 28
(buzzer sounds)

Baptism of fire

Triple Stumper

Scores at the first commercial break (after clue 13):

Pat Emily Peyton
$200 $500 -$200

Scores at the end of the Jeopardy! Round:

Pat Emily Peyton
$3,400 $1,000 -$100

Double Jeopardy! Round responses

FIRST THINGS FIRST
MOVIE TITLE PAIRS
OUT OF BUSINESS
"T" COUNTRIES
ANDREW LLOYD WEBBER
A-ONE
(Alex: Each correct response will begin with the letter "A" & end with "ONE")
    $200 16
Ellis Island

Peyton
    $200 10
Anna

Peyton
    $200 6
George

Pat
    $200 1
Taiwan

Pat
    $200 26
"Evita"

Pat
    $200 21
Al Capone

Peyton
    $400 17
Niagara Falls

Pat
    $400 12
The Bachelor

Triple Stumper
    $400 7
Pets.com

Pat
    $400 2
Turkey

Triple Stumper
    $400 27
"Cats"

Peyton
    $400 22
Antigone

Pat
    $600 18
(Pat: Who is Queen Elizabeth II?)

Queen Victoria

PatPeyton
    $600 13
Benny

Pat
    $600 8
The Desert Inn

Triple Stumper
    $600 3
(Pat: What is Tahiti?)

Tonga

Pat
Triple Stumper
    $600 28
(Note: Clue is printed as on the broadcast, although Alex mentioned the whole play "Joseph and the Amazing Technicolor Dreamcoat")

"Jesus Christ Superstar"

Pat
    $600 23
(minute to go...)

Anemone

Peyton
    $800 19
Louis Brandeis

Peyton
    $800 14
Eddie

Emily
    $800 9
Packard

Triple Stumper
    $1,500 4
Tunisia

Pat
    $2,000 29
(Pat: No response)
(buzzer sounds)

"Starlight Express"

Pat
    $800 24
Accident-prone

Triple Stumper
    $1000 20
Edith Wharton

Peyton
    $1000 15
The Devil

Triple Stumper
    $1000 11
The Money Store

Peyton
    $1000 5
(E: What is Tibet?)

Tanzania

PatEmily
    $1000 25
Acetone

Emily

Scores at the end of the Double Jeopardy! Round:

Pat Emily Peyton
$5,700 $1,800 $4,900

[wagering suggestions for these scores]

Final Jeopardy! Round responses

BOOKS
(Alex: Just America, not North America.)
EmilyWhat Birds of North America
$900
PeytonWhat is Audubon?
$1,290
PatWhat is Birds of North America
$2,000
Birds of America

Final scores:

Pat Emily Peyton
$3,700 $900 $3,610
3-day champion: $15,302 3rd place: Borders Gift Card 2nd place: Trip to Allegro Resort, Playacar, Mexico

Game dynamics:

Coryat scores:

Pat Emily Peyton
$6,400 $1,800 $4,900
25 R
(including 2 DDs),
6 W
(including 1 DD)
5 R,
2 W
13 R,
3 W

Combined Coryat: $13,100

The J! Archive is created by fans, for fans. The Jeopardy! game show and all elements thereof, including but not limited to copyright and trademark thereto, are the property of Jeopardy Productions, Inc. and are protected under law. This website is not affiliated with, sponsored by, or operated by Jeopardy Productions, Inc. Join the discussion at JBoard.tv.